书目信息 |
| 题名: |
出租汽车驾驶员从业资格考试培训教材
|
|
| 作者: | 本书编写组编 | |
| 分册: | ||
| 出版信息: | 北京 人民交通出版社 2016.7 |
|
| 页数: | 116页 | |
| 开本: | 26cm | |
| 丛书名: | ||
| 单 册: | ||
| 中图分类: | U469.120.9 | |
| 科图分类: | ||
| 主题词: | 出租汽车--驾驶员--资格考试--教材 | |
| 电子资源: | ||
| ISBN: | 978-7-114-13222-3 | |
| 000 | 01021nam0 2200229 450 | |
| 001 | 0400004143 | |
| 005 | 20171023141734.0 | |
| 010 | @a978-7-114-13222-3@dCNY35.00 | |
| 100 | @a20160923e20172016em y0chiy50 ea | |
| 101 | 0 | @achi |
| 102 | @aCN@b110000 | |
| 105 | @aa z 000yy | |
| 106 | @ar | |
| 200 | 1 | @a出租汽车驾驶员从业资格考试培训教材@9chu zu qi che jia shi yuan cong ye zi ge kao shi pei xun jiao cai@f本书编写组编 |
| 210 | @a北京@c人民交通出版社@d2016.7@h2017.5 | |
| 215 | @a116页@c彩图@d26cm | |
| 300 | @a中华人民共和国机动车驾驶员培训教材 | |
| 330 | @a本书共分为七章。全书以出租汽车驾驶员应知应会的知识为重点,突出对出租汽车驾驶员能力的培养和素质的提升,包括出租汽车驾驶员的社会责任与职业道德,出租汽车相关法律、法规和标准,出租汽车运营服务规范,出租汽车安全运营与治安防范,出租汽车及设施设备使用,出租汽车节能减排,出租汽车交通事故处理与应急救护等内容。 | |
| 606 | 0 | @a出租汽车@x驾驶员@x资格考试@j教材 |
| 690 | @aU469.120.9@v5 | |
| 801 | 0 | @aCN@b91MARC@c20171023 |
| 905 | @b1027961-5@dU469.120.9@f5@e499 | |
| 出租汽车驾驶员从业资格考试培训教材/本书编写组编.-北京:人民交通出版社,2016.7(2017.5) |
| 116页:彩图;26cm |
| 中华人民共和国机动车驾驶员培训教材 |
| ISBN 978-7-114-13222-3:CNY35.00 |
| 本书共分为七章。全书以出租汽车驾驶员应知应会的知识为重点,突出对出租汽车驾驶员能力的培养和素质的提升,包括出租汽车驾驶员的社会责任与职业道德,出租汽车相关法律、法规和标准,出租汽车运营服务规范,出租汽车安全运营与治安防范,出租汽车及设施设备使用,出租汽车节能减排,出租汽车交通事故处理与应急救护等内容。 |
| ● |
| 相关链接 |
|
|
|
|
正题名:出租汽车驾驶员从业资格考试培训教材
索取号:U469.120.9/499
 
预约/预借
| 序号 | 登录号 | 条形码 | 馆藏地/架位号 | 状态 | 备注 |
| 1 | 1027961 | 210279615 | 第二样本阅览室/ [索取号:U469.120.9/499] | 在馆 | |
| 2 | 1027962 | 210279624 | 密集书库-物理学院/ [索取号:U469.120.9/499] | 在馆 | |
| 3 | 1027963 | 210279633 | 第三借阅区/ [索取号:U469.120.9/499] | 在馆 | |
| 4 | 1027964 | 210279642 | 第三借阅区/ [索取号:U469.120.9/499] | 在馆 | |
| 5 | 1027965 | 210279651 | 第三借阅区/ [索取号:U469.120.9/499] | 在馆 |